Four great plays / (Record no. 10062)
[ view plain ]
| 000 -LEADER | |
|---|---|
| fixed length control field | 00874nam a22002537a 4500 |
| 003 - CONTROL NUMBER IDENTIFIER | |
| control field | OSt |
| 005 - DATE AND TIME OF LATEST TRANSACTION | |
| control field | 20260414072957.0 |
| 008 - FIXED-LENGTH DATA ELEMENTS--GENERAL INFORMATION | |
| fixed length control field | 260414b |||||||| |||| 00| 0 eng d |
| 040 ## - CATALOGING SOURCE | |
| Language of cataloging | ENG |
| Transcribing agency | bantam books |
| 041 ## - LANGUAGE CODE | |
| Language code of text/sound track or separate title | eng |
| 050 ## - LIBRARY OF CONGRESS CALL NUMBER | |
| Classification number | PG 3456 .A19 .B7 1958 |
| Item number | .B7 1958 |
| 100 ## - MAIN ENTRY--PERSONAL NAME | |
| Personal name | Chekhov, Anton Pavlovich, |
| Dates associated with a name | 1860-1904 |
| 240 ## - UNIFORM TITLE | |
| Uniform title | Plays. |
| Language of a work | English. |
| 245 ## - TITLE STATEMENT | |
| Title | Four great plays / |
| Statement of responsibility, etc. | Anton Chekhov ; translated by Constance Garnett. |
| 250 ## - EDITION STATEMENT | |
| Edition statement | 1ST ED. |
| 260 ## - PUBLICATION, DISTRIBUTION, ETC. | |
| Place of publication, distribution, etc. | New York : |
| Name of publisher, distributor, etc. | Bantam Books, |
| Date of publication, distribution, etc. | 1958. |
| 300 ## - PHYSICAL DESCRIPTION | |
| Extent | 244 Pages; |
| Dimensions | 18cm |
| 500 ## - GENERAL NOTE | |
| General note | Bantam Classics" edition. |
| 505 ## - FORMATTED CONTENTS NOTE | |
| Formatted contents note | The Seagull -- Uncle Vanya -- Three Sisters -- The Cherry Orchard. |
| 650 ## - SUBJECT ADDED ENTRY--TOPICAL TERM | |
| Topical term or geographic name entry element | Russian drama |
| Form subdivision | Translations into English. |
| 650 ## - SUBJECT ADDED ENTRY--TOPICAL TERM | |
| Topical term or geographic name entry element | English drama |
| Form subdivision | Translations from Russian |
| 700 ## - ADDED ENTRY--PERSONAL NAME | |
| Personal name | Garnett, Constance, |
| Dates associated with a name | 1862-1946, |
| Relator term | translator. |
| 942 ## - ADDED ENTRY ELEMENTS (KOHA) | |
| Source of classification or shelving scheme | Library of Congress Classification |
| Koha item type | Books |
| Edition | 1st ed. |
| Suppress in OPAC | No |
| Withdrawn status | Lost status | Source of classification or shelving scheme | Damaged status | Not for loan | Home library | Current library | Date acquired | Total checkouts | Full call number | Barcode | Date last seen | Price effective from | Koha item type |
|---|---|---|---|---|---|---|---|---|---|---|---|---|---|
| Library of Congress Classification | PIU Library | Main Library | 04/14/2026 | PG 3456 .A19 .B7 1958 | PIUDLMUR1003 | 04/14/2026 | 04/14/2026 | Books |